LEADER 00625nab a2200133 i 4500 001 000000320992 003 CaOOAMICUS 005 20180831173337.0 008 180831n it uu u0 0ita r 013 $a31212 040 $aSeMil$bita 245 10$a«Sei nella vita piena, sei con noi». - In [rubrica] :$bIn ricordo del card. Martini. 773 0 $t«Lampada per i miei passi č la tua Parola». - 32 p. - Numero dedicato alla memoria del card. Carlo Maria Martini. - Titolo dalla copertina.$gp.4-6$w()277911 996 $6245$a«Sei nella vita piena, sei con noi». - In [rubrica] :$bIn ricordo del card. Martini.$9(OLS)http://semarc/title/394549 LEADER 01203nas a2200217 i 4500 001 000000255395 003 CaOOAMICUS 005 20170829000000.0 008 170829b it uu u0 0ita r 013 $a234303 040 $aSeMil$bita 100 1 $aPontiggia, Virginio,$c.$0(OLS)http://semarc/name/29516 245 10$aAbbiamo un tesoro in vasi di creta. Omelia del 25. di ordinazione sacerdotale :$bpensieri sparsi /$cdon Virginio Pontiggia. 260 $aVenegono Inferiore (VA) :$bSeminario Arcivescovile di Milano 300 $a8 p. ;$c22 cm. 773 0 $tQuaderni di Parola e Comunitą.$dVenegono Inferiore : Comunitą di Liceo - Seminario di Milano, 1987.$w()2658 773 0 $tQuaderni di Parola e Comunitą. Serie piccola.$dVenegono Inferiore (VA) : Seminario Arcivescovile di Milano, 1997.$w()33122 850 $aSeMil 852 $aSeMil$W1$xVenegono$y1$m44 5 34/19$j205741$B205741$CSeMilBibl$Z2$F219172 $85 996 $6245$aAbbiamo un tesoro in vasi di creta. Omelia del 25. di ordinazione sacerdotale :$bpensieri sparsi$9(OLS)http://semarc/title/411659 996 $6260$aVenegono Inferiore (VA) :$bSeminario Arcivescovile di Milano$9(OLS)http://semarc/publisher/30430